Neues allgemeines Repertorium der neuesten in- und ausländischen Literatur

Bibliographic Details
New Title:Repertorium der gesammten deutschen Literatur
Previous Title:Allgemeines Repertorium der neuesten in- und ausländischen Literatur
Other Authors: Cnobloch, Karl, 1778-1834 (Printer)
Format: Journal
Language:German
PhysicalDescription:22 cm
Subjects:

MARC

LEADER 00000nas a2200000 4500
001 vtls012279980
003 SK-MaSNL
005 20260228162014.0
008 250721d18331833gw er p 000 b0ger
015 |a SNBHFB 
040 |a SNKHF  |b slo  |c SNKHF  |e rda 
041 0 |a ger 
044 |a gw  |c DE 
072 7 |a 82  |x Literatúra. Literárny život  |2 konspekt 
080 |a (051)-048.55  |2 2011 
080 |a 82  |2 2011 
245 0 0 |a Neues allgemeines Repertorium der neuesten in- und ausländischen Literatur 
264 3 |a Leipzig  |b bei Carl Cnobloch  |c 1 833 
300 |c 22 cm 
310 |a 1x za dva týždne 
336 |a text  |b txt  |2 rdacontent 
337 |a bez média  |b n  |2 rdamedia 
338 |a zväzok  |b nc  |2 rdacarrierr 
362 0 |a No.1-24 (1833) 
500 |a Editor: Karl Heinrich Ludwig Pölitz 
561 |a Proveniencia: pečiatka Dr. E. Kadarász - ver. not. poz. Margity Zayovej Čís.12424-12437.  |5 SNK ČC 4474/1833 
650 0 7 |a literatúra  |2 SNKPH  |9 1427 
655 7 |a špecializované časopisy  |2 SNKPH  |9 70509 
700 1 |a Cnobloch, Karl,  |d 1778-1834  |4 prt  |9 265471 
752 |a Nemecko  |d Lipsko 
780 0 0 |t Allgemeines Repertorium der neuesten in- und ausländischen Literatur 
785 0 0 |t Repertorium der gesammten deutschen Literatur 
852 |a snk  |b Zaiova knižnica: Zay 11771-11795  |p ČC 4474/1833 
958 |a DF 
999 |c 6409  |d 8339 
952 |0 0  |1 0  |4 0  |7 0  |8 5  |a SNK  |b SNK  |c SNK_HF  |d 2025-07-21  |i snk2025/11748  |l 0  |o snkČC 4474/1833  |p 17A1490045  |r 2026-02-21 22:33:51  |t Zay 11771-11795  |w 2026-02-21  |y PREZ